[Event "SVK-chT2A 1213"]
[Site "Slovakia"]
[Date "2012.12.02"]
[Round "4.3"]
[White "Kralovic, Andrej"]
[Black "Hertel, Ondrej"]
[Result "1-0"]
[WhiteElo "2139"]
[BlackElo "2079"]
[PlyCount "129"]
[EventDate "2012.10.13"]
[EventType "team-tourn"]
[EventRounds "11"]
[EventCountry "SVK"]
[SourceTitle "EXT 2015"]
[Source "ChessBase"]
[SourceDate "2014.11.20"]
[SourceVersion "1"]
[SourceVersionDate "2014.11.20"]
[SourceQuality "1"]
[WhiteTeam "Bratislava KSN"]
[BlackTeam "Trnava Lokomotiva II"]
[WhiteTeamCountry "SVK"]
[BlackTeamCountry "SVK"]

1. c4 e6 2. Nc3 d5 3. d4 Nf6 4. cxd5 exd5 5. Bg5 Be7 6. e3 c6 7. Qc2 Nbd7 8. Bd3 h6 9. Bh4 0-0 10. Nge2 Re8 11. 0-0 Ne4 12. Bxe7 Qxe7 13. Bxe4 dxe4 14. Ng3 Nf6 15. Na4 h5 16. h3 h4 17. Ne2 g5 18. Qc5 Nd5 19. Qxe7 Rxe7 20. a3 f5 21. Nec3 Be6 22. Rac1 Rd8 23. Kh2 Kg7 24. Rfe1 Bf7 25. Nc5 Bg6 26. b4 a6 27. Nxd5 Rxd5 28. a4 f4 29. Rb1 fxe3 30. fxe3 Rf5 31. Kg1 Be8 32. Rf1 Rd5 33. a5 Bg6 34. Rb2 Rf5 35. Rbf2 Rxf2 36. Rxf2 Bh7 37. Kh2 Bg6 38. g3 Bh5 39. gxh4 gxh4 40. Rf4 Bf3 41. Rxh4 Kg8 42. Kg3 Rg7+ 43. Kf4 Rg1 44. Nxb7 Rb1 45. Nd8 Rxb4 46. Nxc6 Rb5 47. Rh6 Kg7 48. Rd6 Bg2 49. h4 Bf3 50. Ne5 Be2 51. Rxa6 Bd3 52. Ra7+ Kh6 53. Kf5 Rd5 54. Ke6 Rb5 55. d5 Bc2 56. d6 Bb3+ 57. Kf6 Rd5 58. d7 Rd6+ 59. Kf5 Bd5 60. Ra6 Be6+ 61. Kf4 Rxa6 62. d8Q Bf5 63. Qg5+ Kh7 64. Qxf5+ Kh8 65. Qc8+ 1-0

[Event "SVK-chT3A2 1213"]
[Site "Slovakia"]
[Date "2012.11.04"]
[Round "3.3"]
[White "Hertel, Ondrej"]
[Black "Puskar, Peter"]
[Result "1/2-1/2"]
[WhiteElo "2079"]
[BlackElo "2004"]
[PlyCount "66"]
[EventDate "2012.10.07"]
[EventType "team-tourn"]
[EventRounds "11"]
[EventCountry "SVK"]
[SourceTitle "EXT 2015"]
[Source "ChessBase"]
[SourceDate "2014.11.20"]
[SourceVersion "1"]
[SourceVersionDate "2014.11.20"]
[SourceQuality "1"]
[WhiteTeam "Hlohovec SK Zentiva"]
[BlackTeam "Trnava Lokomotiva Solartec IV"]
[WhiteTeamCountry "SVK"]
[BlackTeamCountry "SVK"]

1. d4 Nf6 2. Nf3 g6 3. Bg5 Bg7 4. e3 0-0 5. Bd3 d5 6. 0-0 c6 7. c3 Nbd7 8. Nbd2 Qb6 9. Qb3 Re8 10. e4 dxe4 11. Nxe4 Nxe4 12. Bxe4 e5 13. Qxb6 axb6 14. Rfe1 exd4 15. Nxd4 Nc5 16. Bc2 Bd7 17. a3 Ne6 18. Nxe6 Bxe6 19. Re3 f6 20. Rae1 Kf7 21. Bf4 Bd5 22. h4 Rxe3 23. Rxe3 Re8 24. Rxe8 Kxe8 25. f3 b5 26. Kf2 Kf7 27. g4 Ke6 28. h5 f5 29. Kg3 Bf6 30. g5 Be7 31. h6 Bf8 32. Bb8 Be7 33. Bf4 Bf8 1/2-1/2

[Event "SVK-chT2A 1112"]
[Site "Slovakia"]
[Date "2011.12.04"]
[Round "6.4"]
[White "Kavon, Rastislav"]
[Black "Hertel, Ondrej"]
[Result "1/2-1/2"]
[WhiteElo "1879"]
[BlackElo "2073"]
[PlyCount "73"]
[EventDate "2011.10.08"]
[EventType "team-tourn"]
[EventRounds "11"]
[EventCountry "SVK"]
[SourceTitle "EXT 2013"]
[Source "ChessBase"]
[SourceDate "2012.11.22"]
[SourceVersion "1"]
[SourceVersionDate "2012.11.22"]
[SourceQuality "1"]
[WhiteTeam "Trnava Modranka"]
[BlackTeam "Trnava Lokomotiva II"]
[WhiteTeamCountry "SVK"]
[BlackTeamCountry "SVK"]

1. e4 c6 2. d4 d5 3. Nc3 dxe4 4. Nxe4 Nd7 5. Nf3 Ngf6 6. Nxf6+ Nxf6 7. Bc4 e6 8. 0-0 Be7 9. Bf4 0-0 10. c3 b5 11. Be2 Bb7 12. Qd2 a6 13. a4 Qb6 14. a5 Qa7 15. b4 Rac8 16. h4 Rfd8 17. Qc2 Nd5 18. Bd2 Qb8 19. Bd3 g6 20. h5 Nf4 21. Bxf4 Qxf4 22. hxg6 hxg6 23. Ne5 Kg7 24. Rae1 Rh8 25. g3 Qh6 26. f4 Qh1+ 27. Kf2 Rh2+ 28. Ke3 Rxc2 29. Rxh1 Rxc3 30. Rh2 Bf6 31. Reh1 Bxe5 32. fxe5 Rg8 33. Rh7+ Kf8 34. Rf1 Rg7 35. Rh8+ Rg8 36. Rxg8+ Kxg8 37. g4 1/2-1/2

[Event "SVK-chT2A 1112"]
[Site "Slovakia"]
[Date "2011.11.05"]
[Round "3.3"]
[White "Takacs, Laszlo"]
[Black "Hertel, Ondrej"]
[Result "1/2-1/2"]
[WhiteElo "1976"]
[BlackElo "2073"]
[PlyCount "77"]
[EventDate "2011.10.08"]
[EventType "team-tourn"]
[EventRounds "11"]
[EventCountry "SVK"]
[SourceTitle "EXT 2013"]
[Source "ChessBase"]
[SourceDate "2012.11.22"]
[SourceVersion "1"]
[SourceVersionDate "2012.11.22"]
[SourceQuality "1"]
[WhiteTeam "Dunajska Streda SK II"]
[BlackTeam "Trnava Lokomotiva II"]
[WhiteTeamCountry "SVK"]
[BlackTeamCountry "SVK"]

1. e4 c6 2. d4 d5 3. e5 Bf5 4. Nf3 e6 5. Bd3 Bxd3 6. Qxd3 a6 7. 0-0 c5 8. c3 Nc6 9. Nbd2 h5 10. dxc5 Bxc5 11. Nb3 Be7 12. Nbd4 Nxd4 13. Nxd4 Qd7 14. Re1 Nh6 15. f4 g6 16. Qf3 Bc5 17. Rd1 Nf5 18. Be3 Nxe3 19. Qxe3 b5 20. a3 Rc8 21. Kh1 Bxd4 22. Rxd4 0-0 23. Rad1 Rfd8 24. g4 hxg4 25. Qg3 Rc4 26. Qxg4 Rxd4 27. Rxd4 Qe7 28. h4 Kg7 29. Qg5 Qxg5 30. fxg5 Rc8 31. Kg2 Kf8 32. Kf3 Ke7 33. Ke3 Kd7 34. Rf4 Ke7 35. Kd3 Rc7 36. Ke3 Rc8 37. Kf3 Rb8 38. Kg4 Rh8 39. Kf3 1/2-1/2

[Event "SVK-chT2A 1112"]
[Site "Slovakia"]
[Date "2011.10.09"]
[Round "2.1"]
[White "Schwarz, Dusan"]
[Black "Hertel, Ondrej"]
[Result "1-0"]
[WhiteElo "2286"]
[BlackElo "2073"]
[PlyCount "174"]
[EventDate "2011.10.08"]
[EventType "team-tourn"]
[EventRounds "11"]
[EventCountry "SVK"]
[SourceTitle "EXT 2013"]
[Source "ChessBase"]
[SourceDate "2012.11.22"]
[SourceVersion "1"]
[SourceVersionDate "2012.11.22"]
[SourceQuality "1"]
[WhiteTeam "Bratislava Doprastav II"]
[BlackTeam "Trnava Lokomotiva II"]
[WhiteTeamCountry "SVK"]
[BlackTeamCountry "SVK"]

1. d4 d5 2. c4 e6 3. Nc3 Nf6 4. Bg5 Nbd7 5. e3 c6 6. Nf3 Qa5 7. cxd5 exd5 8. Bd3 Bd6 9. 0-0 0-0 10. Qc2 Re8 11. Rab1 h6 12. Bh4 a6 13. Rfc1 Bb4 14. a3 Bxc3 15. Qxc3 Qxc3 16. Rxc3 Ne4 17. Rc2 g5 18. Bg3 Nxg3 19. hxg3 Nf6 20. b4 Ne4 21. Nd2 Bf5 22. Nxe4 Bxe4 23. Bxe4 Rxe4 24. a4 Re6 25. Rc5 Kg7 26. b5 axb5 27. axb5 Rd6 28. g4 Ra2 29. bxc6 bxc6 30. Rb6 Rf6 31. f3 Re6 32. Rc3 Re2 33. Rbb3 Ra2 34. Ra3 Rxa3 35. Rxa3 Kf6 36. Kf2 Kg6 37. Ra7 f5 38. gxf5+ Kxf5 39. g4+ Kf6 40. Rc7 Kg6 41. Ke2 h5 42. gxh5+ Kxh5 43. Rh7+ Kg6 44. Rh1 Kf5 45. Kd3 Rg6 46. Rh5 Ke6 47. e4 Rf6 48. Ke3 dxe4 49. fxe4 Rg6 50. Kf3 Rf6+ 51. Ke3 Rg6 52. Rh2 Kd6 53. Rc2 g4 54. Kf4 g3 55. Rg2 c5 56. e5+ Kd5 57. dxc5 Kxc5 58. Kf5 Rg8 59. Kf6 Kd5 60. e6 Ke4 61. Kf7 Rg4 62. e7 Rf4+ 63. Kg6 Rg4+ 64. Kf6 Kf3 65. Rxg3+ Kxg3 66. e8Q Rf4+ 67. Ke5 Rf2 68. Qg6+ Kf3 69. Qg5 Re2+ 70. Kd4 Re4+ 71. Kd3 Rg4 72. Qf5+ Kg3 73. Ke3 Kh4 74. Qf6+ Kg3 75. Qe5+ Kg2 76. Qh5 Kg3 77. Qh1 Rg5 78. Qg1+ Kh4 79. Qh2+ Kg4 80. Ke4 Rg6 81. Qg2+ Kh5 82. Qh3+ Kg5 83. Ke5 Rg7 84. Qg3+ Kh6 85. Qh4+ Kg6 86. Ke6 Rg8 87. Qg4+ Kh6 1-0

[Event "SVK-chT2A 10/11"]
[Site "Slovakia"]
[Date "2011.02.06"]
[Round "7.5"]
[White "Hertel, Ondrej"]
[Black "Merva, Frantisek"]
[Result "0-1"]
[WhiteElo "2072"]
[BlackElo "2038"]
[PlyCount "172"]
[EventDate "2010.10.23"]
[EventType "team-tourn"]
[EventRounds "11"]
[EventCountry "SVK"]
[SourceTitle "EXT 2019"]
[Source "ChessBase"]
[SourceDate "2018.10.10"]
[SourceVersion "1"]
[SourceVersionDate "2018.10.10"]
[SourceQuality "1"]
[WhiteTeam "Trnava Lokomotiva II"]
[BlackTeam "Dunajska Streda SK II"]
[WhiteTeamCountry "SVK"]
[BlackTeamCountry "SVK"]

1. d4 Nf6 2. Nf3 g6 3. c4 d5 4. cxd5 Nxd5 5. Nc3 Bg7 6. e4 Nxc3 7. bxc3 c5 8. Qa4+ Bd7 9. Qa3 0-0 10. Qxc5 Nc6 11. Be2 Rc8 12. Qa3 b5 13. 0-0 b4 14. cxb4 Nxd4 15. Nxd4 Bxd4 16. Bb2 Bxb2 17. Qxb2 Ba4 18. Rac1 Qd7 19. Rc5 Rxc5 20. bxc5 Qc7 21. Rc1 Rd8 22. g3 Bc6 23. Bf3 Qa5 24. Qc3 Qxa2 25. Ra1 Qe6 26. Rxa7 Bxe4 27. Qe3 Bxf3 28. Qxf3 Qe1+ 29. Kg2 Rd1 30. Kh3 Qf1+ 31. Kh4 Rd4+ 32. g4 Rd3 33. Ra1 Rxf3 34. Rxf1 Rc3 35. f3 Rxc5 36. Rb1 Kg7 37. Rb6 Rc1 38. Kg3 Rc4 39. Ra6 Rd4 40. Rb6 Rd6 41. Rb5 Rd7 42. Ra5 f6 43. Rb5 e5 44. Ra5 Kf7 45. g5 Re7 46. gxf6 Kxf6 47. Ra6+ Kf5 48. Ra8 Rf7 49. h4 h5 50. Ra5 Rb7 51. Rc5 Rb1 52. Ra5 Rb3 53. Rc5 Rd3 54. Ra5 Rd6 55. Rb5 Kf6 56. Rc5 Rd3 57. Kg2 Ke6 58. Rb5 Rd5 59. Rb4 Rd4 60. Rb6+ Kf5 61. Kg3 g5 62. hxg5 Kxg5 63. Rb5 Kf5 64. Ra5 h4+ 65. Kh3 Rd3 66. Kg2 Kf4 67. Ra4+ Rd4 68. Ra3 Rd2+ 69. Kh3 Rf2 70. Ra8 Rxf3+ 71. Kxh4 e4 72. Rf8+ Ke3 73. Re8 Rf7 74. Kg3 Rg7+ 75. Kh2 Kf3 76. Rf8+ Ke2 77. Re8 e3 78. Kh3 Kf2 79. Rf8+ Ke1 80. Re8 e2 81. Kh2 Rg5 82. Kh3 Kf2 83. Rf8+ Ke3 84. Re8+ Kf3 85. Rf8+ Ke4 86. Re8+ Re5 0-1

[Event "SVK-chT2A 10/11"]
[Site "Slovakia"]
[Date "2010.10.23"]
[Round "1.4"]
[White "Hertel, Ondrej"]
[Black "Kralovic, Andrej"]
[Result "0-1"]
[WhiteElo "2072"]
[BlackElo "2166"]
[PlyCount "106"]
[EventDate "2010.10.23"]
[EventType "team-tourn"]
[EventRounds "11"]
[EventCountry "SVK"]
[SourceTitle "EXT 2019"]
[Source "ChessBase"]
[SourceDate "2018.10.10"]
[SourceVersion "1"]
[SourceVersionDate "2018.10.10"]
[SourceQuality "1"]
[WhiteTeam "Trnava Lokomotiva II"]
[BlackTeam "Bratislava Slavia STU"]
[WhiteTeamCountry "SVK"]
[BlackTeamCountry "SVK"]

1. d4 d5 2. c4 e6 3. Nc3 c6 4. Nf3 Bd6 5. e3 f5 6. Ne5 Nf6 7. f4 0-0 8. Be2 Qe7 9. 0-0 b6 10. b3 Bb7 11. Bb2 Nbd7 12. Bf3 Rac8 13. a4 Bb4 14. Na2 Bd6 15. Nc3 Bb4 16. Na2 Bd6 17. Nc1 a5 18. Ncd3 Rfd8 19. Rc1 Ne4 20. Qe1 Nxe5 21. fxe5 Ba3 22. c5 Bxb2 23. Nxb2 Ba6 24. Bxe4 Bxf1 25. Bf3 Ba6 26. cxb6 Qb7 27. Qxa5 Rb8 28. Qc5 Qxb6 29. Bd1 Rdc8 30. Kf2 Qxc5 31. Rxc5 Kf7 32. Ke1 Ke7 33. Kd2 Kd7 34. Nd3 Bxd3 35. Kxd3 Rb7 36. Kc3 g5 37. a5 Rcb8 38. g3 g4 39. a6 Rb5 40. Rxb5 Rxb5 41. b4 Kc7 42. Be2 Rb8 43. b5 cxb5 44. Kb4 Kb6 45. Bxb5 Rd8 46. Ka4 Ra8 47. Kb4 Ra7 48. Bf1 h5 49. Bb5 Rh7 50. Bd3 h4 51. Bb5 h3 52. Bd3 Rc7 53. Kb3 Rc1 0-1

[Event "SVK-chT2A 0809"]
[Site "Slovakia"]
[Date "2009.03.01"]
[Round "11.3"]
[White "Janos, Ivan"]
[Black "Hertel, Ondrej"]
[Result "1-0"]
[WhiteElo "2159"]
[BlackElo "2040"]
[PlyCount "45"]
[EventDate "2008.10.11"]
[EventType "team-tourn"]
[EventRounds "11"]
[EventCountry "SVK"]
[SourceTitle "EXT 2010"]
[Source "ChessBase"]
[SourceDate "2010.11.25"]
[SourceVersion "1"]
[SourceVersionDate "2010.11.25"]
[SourceQuality "1"]
[WhiteTeam "Pezinok KS"]
[BlackTeam "Hlohovec SK Zentiva II"]
[WhiteTeamCountry "SVK"]
[BlackTeamCountry "SVK"]

1. e4 c6 2. d4 d5 3. f3 dxe4 4. fxe4 e5 5. Nf3 exd4 6. Bc4 Bb4+ 7. c3 dxc3 8. Bxf7+ Ke7 9. Qb3 cxb2+ 10. Qxb4+ Kxf7 11. Bxb2 Nf6 12. Qc4+ Ke8 13. 0-0 b5 14. Qb3 Qb6+ 15. Kh1 c5 16. Ng5 c4 17. Qg3 Nbd7 18. Nc3 Bb7 19. Nd5 Bxd5 20. exd5 Nc5 21. Bd4 Kd7 22. Qh3+ Kd8 23. Bxc5 1-0

[Event "SVK-chT2A 0708"]
[Site "Slovakia"]
[Date "2008.03.09"]
[Round "11.4"]
[White "Slapak, Zdenek"]
[Black "Hertel, Ondrej"]
[Result "1/2-1/2"]
[WhiteElo "2172"]
[BlackElo "2051"]
[PlyCount "88"]
[EventDate "2007.10.06"]
[EventType "team-tourn"]
[EventRounds "11"]
[EventCountry "SVK"]
[SourceTitle "EXT 2010"]
[Source "ChessBase"]
[SourceDate "2010.11.25"]
[SourceVersion "1"]
[SourceVersionDate "2010.11.25"]
[SourceQuality "1"]
[WhiteTeam "Bratislava Doprastav"]
[BlackTeam "Hlohovec SK Zentiva III"]
[WhiteTeamCountry "SVK"]
[BlackTeamCountry "SVK"]

1. e4 c6 2. d3 d5 3. Nd2 e5 4. Ngf3 Bd6 5. g3 Ne7 6. Bg2 Nd7 7. 0-0 0-0 8. Re1 Qc7 9. b3 b5 10. d4 exd4 11. Nxd4 Nf6 12. Bb2 Bg4 13. Qc1 Rab8 14. Nxb5 cxb5 15. e5 Bc5 16. exf6 Ng6 17. Nf3 Qb6 18. fxg7 Bxf2+ 19. Kh1 Rfe8 20. Rxe8+ Rxe8 21. Qg5 Be6 22. Rd1 Qc5 23. Qd2 Rc8 24. c3 Be3 25. Qd3 Bh6 26. Nd4 Bxg7 27. Nxe6 fxe6 28. Qe2 Rc6 29. Bh3 Nf8 30. Rf1 a6 31. Qg4 Ng6 32. Qg5 Qe7 33. Qe3 b4 34. Re1 bxc3 35. Bc1 e5 36. Qd3 Qc5 37. Qf5 d4 38. Bg2 Rd6 39. Be4 Rf6 40. Qd7 Qf8 41. Kg1 Rd6 42. Qc7 Qd8 43. Qc4+ Kh8 44. Bd3 Qd7 1/2-1/2

[Event "SVK-chT2A 0708"]
[Site "Slovakia"]
[Date "2007.12.02"]
[Round "6.2"]
[White "Hertel, Ondrej"]
[Black "Farkas, Gabor"]
[Result "0-1"]
[WhiteElo "2051"]
[BlackElo "2333"]
[PlyCount "84"]
[EventDate "2007.10.06"]
[EventType "team-tourn"]
[EventRounds "11"]
[EventCountry "SVK"]
[SourceTitle "EXT 2010"]
[Source "ChessBase"]
[SourceDate "2010.11.25"]
[SourceVersion "1"]
[SourceVersionDate "2010.11.25"]
[SourceQuality "1"]
[WhiteTeam "Hlohovec SK Zentiva III"]
[BlackTeam "Galanta"]
[WhiteTeamCountry "SVK"]
[BlackTeamCountry "SVK"]

1. d4 d5 2. c4 e6 3. Nc3 c6 4. Nf3 dxc4 5. e4 b5 6. a4 b4 7. Na2 Ba6 8. Bd2 Qb6 9. Rc1 Nf6 10. e5 Nd5 11. Bxc4 Bxc4 12. Rxc4 c5 13. 0-0 Nd7 14. Be3 a5 15. Nc1 Qa6 16. Rc2 c4 17. Ng5 N7b6 18. Qh5 Qb7 19. Ne2 h6 20. Nh3 g6 21. Qf3 g5 22. Qe4 Rb8 23. Ng3 b3 24. Re2 Nb4 25. f4 g4 26. Nf2 h5 27. f5 Qxe4 28. Nfxe4 Be7 29. fxe6 fxe6 30. Nf6+ Kd8 31. Ngxh5 Rxh5 32. Nxh5 Nxa4 33. Nf4 Kd7 34. Ng6 Nd5 35. Rf7 Re8 36. Bg5 c3 37. Nxe7 Nxe7 38. bxc3 Nxc3 39. Rb2 a4 40. Rxe7+ Rxe7 41. Bxe7 Kxe7 42. Rf2 Nd1 0-1

[Event "SVK-chT1W 0607"]
[Site "Slovakia"]
[Date "2007.03.25"]
[Round "11.4"]
[White "Reisel, Frantisek"]
[Black "Hertel, Ondrej"]
[Result "1-0"]
[WhiteElo "2041"]
[BlackElo "1981"]
[PlyCount "63"]
[EventDate "2006.10.07"]
[EventType "team-tourn"]
[EventRounds "11"]
[EventCountry "SVK"]
[SourceTitle "EXT 2008"]
[Source "ChessBase"]
[SourceDate "2007.11.25"]
[SourceVersion "1"]
[SourceVersionDate "2007.11.25"]
[SourceQuality "1"]
[WhiteTeam "Prievidza SK"]
[BlackTeam "Hlohovec SK Zentiva II"]
[WhiteTeamCountry "SVK"]
[BlackTeamCountry "SVK"]

1. d4 d5 2. c4 e6 3. Nc3 c6 4. e3 Nf6 5. Bd3 Nbd7 6. Nf3 Bd6 7. 0-0 0-0 8. h3 b6 9. cxd5 exd5 10. e4 dxe4 11. Nxe4 Nxe4 12. Bxe4 Bb7 13. Qc2 Nf6 14. Bg5 h6 15. Bh4 Be7 16. Bxf6 Bxf6 17. Bxc6 Rc8 18. d5 Qc7 19. Rac1 Bxc6 20. dxc6 Rfd8 21. b4 Rd5 22. Rfd1 Rxd1+ 23. Qxd1 b5 24. a4 Qb6 25. axb5 Qxb5 26. Qd7 Qb8 27. b5 Rc7 28. Qd5 Qb6 29. Re1 a6 30. Re8+ Kh7 31. Qf5+ g6 32. Qxf6 1-0

[Event "SVK-chT1W 0607"]
[Site "Slovakia"]
[Date "2006.12.02"]
[Round "5.1"]
[White "Hertel, Ondrej"]
[Black "Osztruzslik, Mark"]
[Result "1-0"]
[WhiteElo "1981"]
[BlackElo "1859"]
[PlyCount "105"]
[EventDate "2006.10.07"]
[EventType "team-tourn"]
[EventRounds "11"]
[EventCountry "SVK"]
[SourceTitle "EXT 2008"]
[Source "ChessBase"]
[SourceDate "2007.11.25"]
[SourceVersion "1"]
[SourceVersionDate "2007.11.25"]
[SourceQuality "1"]
[WhiteTeam "Hlohovec SK Zentiva II"]
[BlackTeam "Komarno Hoffer II"]
[WhiteTeamCountry "SVK"]
[BlackTeamCountry "SVK"]

1. d4 d5 2. c4 c6 3. Nf3 Nf6 4. Nc3 g6 5. cxd5 cxd5 6. Bf4 Bg7 7. e3 a6 8. Bd3 0-0 9. 0-0 Nc6 10. Rc1 Nh5 11. Bg5 Kh8 12. Qb3 h6 13. Bh4 g5 14. Bg3 Nxg3 15. hxg3 e6 16. Rfd1 Rb8 17. Na4 Na5 18. Qb4 b5 19. Nc5 Qb6 20. b3 Nc6 21. Qd2 Ne7 22. Qe2 f5 23. Ne5 Bxe5 24. dxe5 Ng6 25. f4 g4 26. Rc2 Kg7 27. Rdc1 Qd8 28. b4 h5 29. Nb3 h4 30. gxh4 Qxh4 31. Nd4 Bd7 32. Rc7 Rf7 33. Rxd7 Rxd7 34. Nxe6+ Kf7 35. Bxf5 Rh8 36. Qxg4 Qxg4 37. Bxg4 Re7 38. Rc6 Rh4 39. Ng5+ Kg7 40. Bf5 Nf8 41. Rxa6 Rh5 42. g4 Rh6 43. Rxh6 Kxh6 44. Bd3 Rb7 45. Kf2 Kg7 46. f5 Nd7 47. f6+ Nxf6 48. exf6+ Kxf6 49. Nf3 Ra7 50. g5+ Ke7 51. Bxb5 Rxa2+ 52. Kg3 Rb2 53. Bc6 1-0